000 00327pab a2200157 454500
008 180718b2013 xxu||||| |||| 00| 0 eng d
100 _aCollaco, Alan
245 _aIn advertising
260 _c2013
300 _ap.66-68.
362 _aJul
650 _aConsumers
773 _aSeminar
908 _aN
909 _a101111
999 _c101110
_d101110